000 00338nam a2200145Ia 4500
005 20251222141925.0
008 251222s9999||||xx |||||||||||||| ||spa||
020 _a8423667421
082 _a833.914/F84
100 _aFriedrich, Joachim
245 0 _aCuatro Amigos y Medio en…:
250 _a5ta.ed.
264 _bEdepé
942 _cLIB
999 _c8845
_d8845